000 00827nam a22001697a 4500
003 OSt
005 20251124163614.0
008 251124b |||||||| |||| 00| 0 eng d
040 _cDCL
082 _a၂၉၄.၃၈၂၃၅၂၁
130 _aတိပိဋက။
_pသုတ္တန္တပိဋက။
_pခုဒ္ဒကနိကာယ။
_tပေတဝတ္ထု ၊
_lအဋ္ဌကထာ။
245 _aပေတဝတ္ထုအဋ္ဌကထာ။
264 _aရန်ကုန် ၊
_bနိုင်ငံတော်ဗုဒ္ဓသာသနာအဖွဲ့၊
_c၁၉၅၈။
300 _aဂ၊ ၃၅၆ စာမျက်နှာ ၊
_c၂၅ စင်တီ။
650 _aပေတဝတ္ထု
_vအဋ္ဌကထာ။
942 _2ddc
_cSHORT TERM
_n0
999 _c2612
_d2612